| 000 | 00396cam a2200157ua 4500 | ||
|---|---|---|---|
| 041 |
_aeng _h |
||
| 082 |
_a823.301 _bFRE/JO |
||
| 100 | _aFremant, Isabelle . | ||
| 245 |
_aJoseph and his brothers / _cIsabelle Fremant. _hTextual Documents |
||
| 250 |
_a1 / _b. |
||
| 260 |
_aLondon : _bOxford University Press , _c1961. |
||
| 300 | _a48 ; . | ||
| 504 | _a | ||
| 942 | _cBK | ||
| 999 |
_c2385 _d2385 |
||